000 01417pab a2200193 454500
008 180718b1998 xxu||||| |||| 00| 0 eng d
100 _aMarsden, Alan W.
245 _aTraining railway operating staff to understand and manage passenger and crowd behaviour
260 _c1998
300 _ap.401-05
520 _aFor anyone involved in moving large numbers of people, indeed in any aspect of crowd management, the biggest threats are ignorance of crowd behavioural dynamics and complacency. When the Mass Transit Railway Corporation (MTRC) in Hong Kong was faced with excessive passenger growth, serious safety problems and concerns arose. As part of a study into "Passenger and Crowd Behaviour Safety", the author recommended that staff be put through a comprehensive programme of passenger management and behaviour training. As a result of this he was asked to design and deliver such a programme, consisting of two-day modules for all those directly concerned and one-day modules for all other managers throughout the organisation. These have now been followed up with update training, and a redesigned course has been implemented for the new Airport Express railway. - Reproduced
650 _aTraining
650 _aRail transport
650 _aHong Kong
650 _aDisaster management
650 _aCrisis
773 _aDisaster Prevention and Management: an International Journal
909 _a40477
999 _c40477
_d40477